Statistics for How many ways you can feel.

Click here to take the quiz!

General Stats

  • This quiz has been taken 22 times
  • The average score is 1 of 5

Answer Stats

HintAnswer% Correct
2Texture/Touch
95%
1Pain
25%
5Pressure
15%
4Itchiness
5%
3Tempurature
0%

Score Distribution

Percentile by Number Answered

Percent of People with Each Score

Your Score History

You have not taken this quiz